The seven sisters: The greate oil companies and the world they shaped
Shranjeno v:
| Glavni avtor: | |
|---|---|
| Format: | Knjiga |
| Jezik: | Undetermined |
| Izdano: |
New York
Bantam Books, Inc
1975
|
| Teme: | |
| Oznake: |
Označite
Brez oznak, prvi označite!
|
| Thư viện lưu trữ: | Trung tâm Học liệu Trường Đại học Cần Thơ |
|---|
| LEADER | 00541nam a2200193Ia 4500 | ||
|---|---|---|---|
| 001 | CTU_85195 | ||
| 008 | 210402s9999 xx 000 0 und d | ||
| 082 | |a 665.53 | ||
| 082 | |b S192 | ||
| 100 | |a Sampson, Anthony | ||
| 245 | 4 | |a The seven sisters: The greate oil companies and the world they shaped | |
| 245 | 0 | |c Anthony Sampson | |
| 260 | |a New York | ||
| 260 | |b Bantam Books, Inc | ||
| 260 | |c 1975 | ||
| 650 | |a Petroleum | ||
| 650 | |x Industry and trade | ||
| 904 | |i Truc | ||
| 980 | |a Trung tâm Học liệu Trường Đại học Cần Thơ | ||